Представление документа в формате RUSMARC

ПолеНазваниеЗначение
  Тип записи a
  Библиографический уровень m
001 Контрольный номер 10267b0dfa5f40f2b04b1439c9272c4d
005 Дата корректировки 20140604160635.5
010 Индекс ISBN __
a ISBN 5-279-02731-6
101 Язык документа 0_
a Язык текста rus
102 Страна публикации __
a Страна публикации RU
200 Заглавие и сведения об ответственности 1_
a Заглавие Бюджетирование и финансовый контроль в коммерческих организациях
f Первые сведения об ответственности О. Н. Волкова
210 Выходные данные 1_
c Издательство Финансы и статистика
a Место издания М.
d Дата издания 2005
215 Физическое описание __
a Объем 268, [2] с.
610 Ключевые слова 0_
a Ключевые слова бюджетирование
610 Ключевые слова 0_
a Ключевые слова финансовый контроль
610 Ключевые слова 0_
a Ключевые слова коммерческие организации
610 Ключевые слова 0_
a Ключевые слова калькуляция
686 Индексы других классификаций __
a Классификационный индекс 65.9(2)261.9
2 Код системы rubbk
700 Автор _1
a Фамилия Волкова
b Имя О. Н.
g Полное личное имя Ольга Николаевна
801 Источник записи _0
a Страна RU
b Организация РУК
c Дата составления 20070221
g Правила каталогизации PSBO
801 Источник записи _1
a Страна RU
b Организация РУК
c Дата составления 20070221
g Правила каталогизации PSBO
852 Данные о местонахождении __
i Авторский знак В 67
j Шифр хранения ББК 65.9(2)26
901 Тип документа __
t Тип документа m
938 Служебная информация __
a Название организации Головной вуз
b Имя БД BOOK
c Название АИБС АИБС ИРБИС